Contrapunto político en América Latina /
El libro consiste de ocho partes y cada una corresponde a diferentes etapas y temas del siglo XX en América Latina. I parte: “Crisis de la ciudad liberal” aborda el positivismo el cual se desarrollaba principalmente bajo el lema de orden y progreso, la ciudad liberal latina era solo una fachada. II...
Gorde:
| Egile nagusia: | |
|---|---|
| Formatua: | Ezezaguna |
| Hizkuntza: | Spanish |
| Argitaratua: |
México :
Partido Revolucionario Institucional
1982
|
| Saila: | Serie Antologías
|
| Gaiak: | |
| Etiketak: |
Etiketa erantsi
Etiketarik gabe, Izan zaitez lehena erregistro honi etiketa jartzen!
|
MARC
| LEADER | 00000 a2200000 04500 | ||
|---|---|---|---|
| 001 | 46859 | ||
| 003 | cru CIDCACS/IIS | ||
| 005 | 20230612103031.0 | ||
| 008 | 050604s1982 mx spa d | ||
| 020 | |a 968-483-004-1 | ||
| 040 | |c CRAI/IIS |a CRAI/IIS | ||
| 090 | |a 03.03.01 V794c | ||
| 100 | |9 11439 |a Viñas, David |e Prólogo y notas | ||
| 245 | |a Contrapunto político en América Latina / |c prólogo y notas de David Viñas | ||
| 260 | |a México : |b Partido Revolucionario Institucional |c 1982 | ||
| 300 | |a 460 páginas | ||
| 440 | |a Serie Antologías | ||
| 520 | |a El libro consiste de ocho partes y cada una corresponde a diferentes etapas y temas del siglo XX en América Latina. I parte: “Crisis de la ciudad liberal” aborda el positivismo el cual se desarrollaba principalmente bajo el lema de orden y progreso, la ciudad liberal latina era solo una fachada. II parte: “Revolución mexicana y vanguardismos ideológicos” a partir de 1910 surgen figuras como Francisco Villa en el norte de México y Emiliano Zapata en el sur; mientras que en Argentina se fusilaban obreros a cargo del gobierno de Yrigoyen. III parte: “El 'crash' de Wall Street y su impacto en América Latina” aborda la crisis económica del 29 que sacudió al continente. IV parte: “Populismos, autoritarismo y otros recauchutajes” destacan los periodos de represión, el caso de Nicaragua con Sandino/Somoza perfila como una de las más intensas. En esta época ya se empieza a desarrollar la IIGM. V parte: “Fin de la II GM y neocolonialismo” con el gane de los aliados, Estados Unidos se impone con más fuerza en Latinoamérica. VI parte: se analiza la revolución cubana y sus secuelas para el continente. VII parte: las réplicas de la revolución cubana se entra en el proceso de dictaduras militares y represión en los países latinoamericanos. VIII: se destacan los acontecimientos del asesinato de Allende y el triunfo de Sandino en Nicaragua. VSL/ 11.10.2016 | ||
| 650 | 1 | 0 | |9 136 |a HISTORIA |
| 650 | 1 | 0 | |9 134 |a REPRESION |
| 650 | 1 | 0 | |9 131 |a DICTADURA |
| 650 | 1 | 0 | |9 137 |a REVOLUCION |
| 650 | 1 | 0 | |9 130 |a GOLPES DE ESTADO |
| 651 | 1 | 0 | |9 17 |a AMERICA LATINA |
| 942 | |2 ddc |c LI |h 03.03.01 V794c |i 16090 |6 030301_V794C_16090 | ||
| 999 | |c 5600 |d 5600 | ||



